000 01926nam a2200421 c 4500
001 60735
003 CO-BoRNBP
005 20260317191712.0
007 ta
008 210824s19992018mx a jr 000 fdspa d
020 _a9789681660369
040 _aCO-BoRNBP
_bspa
_erda
_cCO-BoRNBP
041 1 _aspa
_hfre
043 _ae-fr---
084 _aN
100 1 _aLenain, Thierry
_d1959-
_eaut
_963721
245 1 3 _aUn pacto con el diablo /
_cThierry Lenain ; ilustraciones de Diego Molina ; traducción de Rafael Segovia Albán ; editor Daniel Goldin.
250 _aPrimera edición
_bDecimotercera reimpresión
264 1 _aMéxico :
_bFondo de Cultura Económica,
_c2018
300 _a67 páginas :
_bilustraciones en blanco y negro
336 _atexto
_btxt
_2rdacontent
337 _asin mediación
_bn
_2rdamedia
338 _avolumen
_bnc
_2rdacarrier
490 0 _aA la orilla del viento
_v122
500 _aIncluye índice
520 _aRoxana ha vuelto a pelear con el esposo de su madre, así que decide irse a vivir con su padre, huye de casa, pero no encuentra a su padre. En el café conoce a David, un muchacho mayor que le ofrece alojamiento. Él la llama hermanita y la protege. Pero al pasar los días Roxana descubre dolorosamente que su nuevo amigo está atrapado en el infierno de las drogas. ¿Cómo puede ayudarlo?
521 _aRecomendado para un público mayor de 12 años
534 _bUn pacte avec le diable
545 _aIncluye datos biográficos del autor
546 _aIncluye datos biográficos de los autores en la contracarátula
650 1 7 _aDrogadiccion
_vNovela
_2lemb
_963722
650 1 7 _aLiteratura juvenil Francesa
_ySiglo XX
_2rnbp
_960495
650 0 7 _aNovela juvenil francesa
_ySiglo XX
_2rnbp
_960493
700 1 _aGoldin Halfon, Daniel,
_d1958-
_eedt
_966005
700 1 0 _aMolina, Diego
_eill
_963723
700 1 0 _aSegovia Albán, Rafael
_etrl
_963646
942 _2loc
_cBKLIT
999 _c60735
_d60735